LEADER 01106cam2 22003011 450 001 SOBE00064028 005 20201113084934.0 100 $a20200701d1971 |||||ita|0103 ba 101 $aita 102 $aIT 200 0 $a2$fA. J. P. Taylor 210 $aBari$cLaterza$d1971 215 $aP. 393-847$d18 cm. 225 2 $aBiblioteca universale Laterza$v202 410 1$1001LAEC00015236$12001 $a*Biblioteca universale Laterza$v202 461 1$1001E600200024554$12001 $a<>Europa delle grandi potenze : da Metternich a Lenin / Alan John Percival Taylor 700 1$aTaylor$b, Alan John Percival$3A600200040360$4070$0630831 801 0$aIT$bUNISOB$c20201113$gRICA 850 $aUNISOB 852 $aUNISOB$j900$m18960 852 $aUNISOB$j900$m18958 912 $aSOBE00064028 940 $aM 102 Monografia moderna SBN 941 $aW 957 $a900$b001588$i-2$gSI$d18960$1rovito$2UNISOB$3UNISOB$420200701124946.0$520200701125015.0$6rovito 957 $a900$b000685$i-2$gSI$d18958$1rovito$2UNISOB$3UNISOB$420200701125200.0$520200701125224.0$6rovito 996 $a2$91761175 997 $aUNISOB